Quizzes
Events
Quiz Creation
Community
Videos
Private Events
Remove Ads
Sign In
Join for FREE
Feedback
Dark Mode
Quiz Categories
Sports
Geography
Music
Movies
Television
Just For Fun
Miscellaneous
History
Literature
Language
Science
Gaming
Entertainment
Religion
Holiday
For Kids
Quiz Lab
Recent
Popular Today
Quiz Kudos Today
Editor Picks
Curator Picks
Quizzes by...
Day
Popularity
Type
Ratings
Length
Year
Community
Subscriptions
Recent Discussions
Orange Saloon
Badges
Playlists
Quests
Create
Leaderboards
Showdown
Live 5
Trivia Bingo
Activity
Puzzle Library
Sporcle Events
Private Events
Virtual Trivia
Globe League
Become a Host
Pub Owners
SporcleCon
Opinionation
Our Games
Videos
Blog
Mobile Apps
Partnerships
Remove Ads and Go Orange
Feedback
Television
TV Characters
TV Show
Sitcom
Network
Friends
Reality Shows
Cast
South Park
Star Trek
The Simpsons
Doctor Who
Television
TV Characters
TV Show
Sitcom
Network
Friends
Reality Shows
Cast
South Park
Star Trek
The Simpsons
Doctor Who
Random Quiz
Search Sporcle
×
Quiz Lab
Quiz Lab
Television
Quote
Select answers by clicking on text or image buttons
Select answers by clicking on text or image buttons
Clickable
Best Score? Go Orange.
Follow That Line: 30 Rock, Part 5 Stats
Can you pick the line that follows the given dialogue from 30 Rock?
By
Puzzgal
11m
25 Questions
3,341 Plays
3,341 Plays
3,341 Plays
Comments
Comments
Give Quiz Kudos
Give Quiz Kudos
-
- Ratings
hide this ad
Forced Order
Answers have to be entered in order
Answers have to be entered in order
Replay
Link that replays current quiz
Next Quiz
Link to next quiz in quiz playlist
You Got
0%
They Got
Avg Score
91%
Avg Friend Score
Upgrade to see
Score Distribution
Jump to the score distribution portion of the page
Score
0/25
Timer
11:00
0
Plays Today
% Correct
Actually, I'm allergic to all fish unless it's fried, you know.
95.8%
I prefer 'Law Stylist'.
95.3%
Do you think he'd buy me mozzarella sticks?
95.3%
Always a lizard!
94.5%
They're very good as sensing debilitating loneliness in a person.
94.5%
Women are allowed to get angrier than men about double standards.
94.4%
Mark Hemingway.
94.3%
Can't we all just not get along?
94%
I want you to ride me as hard as you can.
93.7%
What?! ...Is that Harry and the Hendersons?
93.4%
And your landlord called and he says it's not the toilet, it's you.
93.4%
I'm twelve years younger than you.
93.4%
Nobody's buying it!
93.1%
% Correct
And when I came back to camp, I went to the person who cut my line and said, 'Connie Chung, you saved my life.'
92.8%
You'd pick the stuffy Englishman every time! Every time, Liz!
92.2%
Having been on both sides of that, I could tell you it's not a good idea.
90.9%
But don’t let the woman who is blackmailing me know that.
90.8%
Sheer willpower.
90.6%
You do a live Christmas Eve special from Kabul every year until the War on Terror is won.
90.4%
Live every week like it's Shark Week.
89.9%
But White Haven was founded by the Amish, and we really only celebrated their holidays.
89.2%
Karl Robe.
88.6%
That man can wear a sweater.
84.8%
I cursed for 3 hours straight just to get it out of my system, you dumb b*tch.
83%
I convinced him to make wizard cloaks fashionable this winter.
82.7%
Quiz Playlist
Details
Report
Send in Message
Add To Playlist
Clickable:
Select answers by clicking on text or image buttons
Forced Order:
Answers have to be entered in order
Last Updated: Feb 16, 2017
Quiz Scoreboard
CHALLENGE
Sign Up to Join the Scoreboard
Show All
Scores
Hide
Comments
May contain spoilers
Recently Published
Billboard Blitz: Fleetwood Mac
by CooCooCachoo
Music
15s
Presidents Visiting Landmarks
by Hejman
History
7m
An Introduction to Baseball
by treessimontrees
Sports
5m
More to Explore
Quiz From the Vault
Featured Blog Post
Where Did the Easter Bunny Come From?
hide this ad
You Might Also Like...
Tags
Clickable Quiz
Follow That Line Quiz
Quote Quiz
30 Rock
Comedy
Comedy Quotes
NBC
NBC 30
TV Quotes
Today's Top Quizzes in Television
Browse Television
hide this ad
Today's Top Quizzes in Quote
Browse Quote
Top Contributed Quizzes in Television
1
5-to-1: The Simpsons Families
2
5-to-1: Television Doctors
3
7-to-1: TV Show Settings
4
One Piece Logic Puzzle
5
5-to-1: Streaming Originals
6
Survivor Seasons
7
Survivor Logic Puzzle: Heroes vs. Villains
8
TV Shows by First Names
9
Survivor Season by Logo
10
Survivor Trivia
Explore More
Trending Topics
Anime
Disney
Harry Potter
Kpop
NBA
Marvel
Crossword
Pokémon
Puzzle
Country
Song
WWE
The Office
NFL
Soccer
hide this ad
More By:
Puzzgal
Quiz
Plays
Rating
Category
Featured
Created
Categorize the Countries
172,627
4.55
Geography
Mar 23, 2014
Categorize the Colors
163,370
4.51
Language
Jun 6, 2013
English Puns
132,602
4.26
Language
Dec 14, 2013
Follow That Lyric: The Sound of Music
120,126
4.42
Entertainment
Oct 25, 2012
Movie Title Missing Person
117,601
4.55
Movies
May 14, 2012
Go to Creator's Profile
Score Distribution
Quiz Creator Spotlight
Puzzgal
Follow
Send a Message
Quizzes Created
-
Created Quiz Play Count
-
More By This Creator
Popular Quizzes Today
1
Find the US States - No Outlines Minefield
2
Find the Countries of Europe - No Outlines Minefield
3
The Countries of the World
4
Find the US States
5
Risky Map Clicking: Biggest States A-Z
6
US States
7
Popular People in 1961
8
Movies - When Are They Set?
More Television Quizzes
2014 Golden Globes Series with Multiple Nominations
Quiz Lab
Trending Quizzes
Risky Map Clicking: Least Populous States A-Z
1-10 Letter G Words
1-10 Letter F Words
Risky Map Clicking: Next State Alphabetically
Risky Map Clicking: Biggest States A-Z
Recently Updated
Leaping Animals
pecheneg
Reality TV Shows (A-Z)
bhenderson79
Rickey Henderson's Hall of Fame Teammates
pecheneg
Champions League XIs: Arsenal
pecheneg
Quick Pick: Celebrities in WWE's Hall of Fame
aduchscher
A-Z Keypad Blitz II
pecheneg
Multiple Oscar Actors
pecheneg
Mystery Phrase Blitz: Oscar 'Best Actors'
pecheneg
F. Scott Fitzgerald Novels
LTH
Pick 3 Villains
ddd62291
Trending Topics
Marvel
Disney
Harry Potter
Anime
Kpop
Crossword
NBA
WWE
Soccer
NFL
The Office
Song
Country
Puzzle
Pokémon
Your Account Isn't Verified!
In order to create a playlist on Sporcle, you need to verify the email address you used during registration. Go to your
Sporcle Settings
to finish the process.
Report this User
Report this user for behavior that violates our
Community Guidelines
.
Details:
Send Report
Go to the Sporcle.com Mobile Site →
Comments